[Event "Netanya Open 2019"]
[Site "Netanya"]
[Date "2019.06.26"]
[Round "4.1"]
[White "Mikhalevski, Victor"]
[Black "Efimenko, Zahar"]
[Result "0-1"]
[WhiteElo "2579"]
[BlackElo "2632"]
[Annotator "TA"]
[PlyCount "176"]
[EventDate "2019.06.23"]
[EventType "swiss"]
[EventCountry "ISR"]
[SourceTitle "playchess.com"]
[Source "ChessBase"]
[SourceQuality "1"]

{[%evp 18,176,26,18,28,0,0,-14,-8,-6,-8,-10,0,0,0,-48,-45,-104,-111,-128,-52,-87,-94,-107,-75,-99,-50,-65,-42,-42,-42,-42,-15,-43,-43,-43,-43,-43,-43,-43,-43,-43,-40,-43,-43,-43,-43,-43,-41,-52,-29,-27,0,-136,-127,-104,-104,-201,-151,-236,-238,-295,-227,-181,-158,-158,-157,-277,-295,-292,-287,-291,-272,-300,-298,-295,-237,-209,-223,-217,-214,-237,-245,-232,-223,-241,-241,-293,-245,-238,-214,-195,-177,-225,-226,-217,-217,-215,-213,-264,-214,-214,-198,-263,-258,-266,-226,-211,0,-262,-206,-208,-206,-257,-266,-324,-283,-316,-320,-289,-80,-78,0,-310,-296,-288,-242,-872,-849,-862,-862,-806,-783,-975,-962,-1126,-793,-6307,-6165,-5764,-5273,-29966,-29970,-29980,-29954,-12552,-6622,-29951,0,-2133,0,-29979,-29980,-29980,-29979,-29980,-29982,-29983,-29984,-29984,-29985]} 1. Nf3 g6 2. d4 Nf6 3. g3 Bg7 4. Bg2 c5 5. d5 O-O 6. O-O d6 7. c4 e6 8. Nc3 exd5 9. cxd5 Re8 10. Bf4 Bf5 {A62: Modern Benoni: Fianchetto Variation without early ...Nbd7} (10... a6 11. a4 h6 12. Qc1 g5 13. Bd2 Bf5 14. h4 g4 15. Ne1 Kh7 16. Nc2 Bg6 17. Ne3 Nbd7 18. a5 Ne5 19. Ra4 h5 {½-½ (66) Donchenko,A (2593)-Caruana,F (2828) chess.com INT 2019}) 11. Nd2 Nh5 12. Be3 Nd7 {The position is equal.} 13. Nc4 Ne5 14. Nxe5 Rxe5 $146 ({Predecessor:} 14... Bxe5 15. Bd2 Qd7 16. e4 Bh3 17. Re1 Bxg2 18. Kxg2 {0-1 (34) Leenhouts,K (2446)-Kapnisis,S (2459) Heraklion 2019}) 15. Qc1 Qd7 16. a4 Bh3 17. Rd1 (17. Qd2 $15) 17... Bxg2 $17 18. Kxg2 f5 (18... Rae8 $17 19. Ra2 Bf6) 19. Bh6 Bxh6 20. Qxh6 Rf8 21. f3 Rfe8 22. Rd2 a6 23. a5 Qe7 24. Ra4 Qf7 25. Ra1 Qf6 26. Ra4 Qe7 27. Kf2 Nf6 28. Ra1 Qf7 {[%cal Rf6d5]} 29. Rad1 Qc7 30. Ra1 Qe7 31. Kg2 Re3 32. Ra4 Qf7 33. Ra1 R8e5 34. Rad1 Nh5 35. Ne4 (35. Rd3 $11 Rxd3 36. Rxd3) 35... R5xe4 36. fxe4 Rxe4 37. Qg5 (37. Rf1 $17) 37... Nf6 $19 38. Rf1 (38. Kg1 $17) 38... Kg7 ({Don't play} 38... Nxd5 39. Kg1 $17) 39. Rc2 Nxd5 {Strongly threatening ...Ne3+.} 40. Rf3 Qe6 $36 {[%mdl 2048] Keeping White busy.} 41. Kf2 Nf6 42. Qd2 (42. Kg1 $17 {was necessary.}) 42... Rd4 43. Qc1 Qd5 44. Ke1 Ng4 45. h3 Ne5 46. Rf1 Qe4 {Threatens to win with ...Nd3+.} 47. Kf2 Nc4 48. b3 {[%cal Rc2c4]} Nxa5 49. Qb2 {aiming for e3.} Nc6 50. Rd2 f4 51. Rd3 Ne5 52. Rc3 fxg3+ 53. Rxg3 Qf4+ 54. Kg2 Qd2 55. Rb1 Qxb2 ({Resist} 55... Qf4 56. Rf1) 56. Rxb2 {[%mdl 4096] Endgame KRR-KRN} Kf6 57. Ra2 Ke6 58. Rc3 Re4 59. Kf2 Rf4+ 60. Kg2 (60. Ke1 $142) 60... Rb4 61. Kf2 Nc6 62. Re3+ Ne5 63. Rc3 $1 g5 64. Ra1 h6 65. Rh1 a5 66. h4 gxh4 67. Rch3 Kd7 68. Ra1 Rf4+ $2 (68... Nc6 $19 {and Black stays clearly on top. And now ...b5 would win.} 69. Ra4 Nd4 70. Rxb4 axb4) 69. Ke3 $17 Rb4 $2 (69... Rg4 $17 70. Rxa5 Ng6) 70. Kf2 $19 Nc6 71. Ra4 Nd4 72. Rxb4 $2 (72. Rxa5 Nxb3 73. Ra3) 72... axb4 {KR-KN} (72... cxb4 $2 73. Rd3 $19) 73. Ke1 b5 74. Kd1 Nf5 75. e4 Nd4 76. Kc1 Kc6 77. Kb2 c4 78. Rxh4 Nxb3 79. Rxh6 Nc5 80. Rh4 Kd7 81. Rh7+ Ke6 82. Rh5 Kd7 (82... b3 $142 83. Rh6+ Ke5 84. Kc3 Na4+ 85. Kd2 c3+ 86. Kd1 Nb2+ 87. Ke2 c2 88. Rh1 Kxe4 89. Rh4+ Kd5 90. Rh1 Kd4 91. Rh4+ Kc3 92. Rh3+ {[#]} Nd3 $1 {[%mdl 576] Clearance, Promotion} 93. Rxd3+ Kb2 94. Rd2 Ka1 95. Rxd6 c1=Q 96. Rd3 b2 97. Ra3+ Kb1 98. Rd3 Kc2 99. Rd5 Qf4 100. Rc5+ Kb3 101. Rxb5+ Kc3 102. Rb6 Qe4+ 103. Kf1 Qf3+ 104. Kg1 Qe3+ {[%mdl 64] Double Attack} 105. Kg2 Qxb6 106. Kg3 b1=Q 107. Kf4 Qf6+ 108. Kg3 Qbg6+ 109. Kh3 Qh8#) 83. Rh7+ $1 Kc6 {[#]} (83... Kc8 $19 84. Rh8+ Kd7) 84. Rh4 Nd3+ {Black mates.} 85. Kc2 Kc5 86. Rh5+ Ne5 87. Rh8 b3+ 88. Kd2 Kd4 {Accuracy: White = 47%, Black = 66%.} 0-1

[Event "Netanya Open 2019"]
[Site "Netanya"]
[Date "2019.06.26"]
[Round "4.2"]
[White "Svetushkin, Dmitry"]
[Black "Zubov, Alexander"]
[Result "1-0"]
[WhiteElo "2532"]
[BlackElo "2597"]
[Annotator "ChessBase"]
[PlyCount "141"]
[EventDate "2019.06.23"]
[EventType "swiss"]
[EventCountry "ISR"]
[SourceTitle "playchess.com"]
[Source "ChessBase"]
[SourceQuality "1"]
[TimeControl "40/5400+30:1800+30"]

1. e4 {[%emt 0:00:00]} c5 {[%emt 0:00:00]} 2. Nf3 {[%emt 0:00:12]} d6 {[%emt 0:00:00]} 3. Bb5+ {[%emt 0:00:09]} Nd7 {[%emt 0:00:48]} 4. c3 {[%emt 0:00:10]} Ngf6 {[%emt 0:01:05]} 5. Bd3 {[%emt 0:00:12]} g6 {[%emt 0:03:52]} 6. Bc2 {[%emt 0:03:52]} Bg7 {[%emt 0:04:23]} 7. d4 {[%emt 0:00:36]} O-O {[%emt 0:00:23]} 8. O-O {[%emt 0:00:23]} Qc7 {[%emt 0:04:03]} 9. a4 {[%emt 0:11:37]} b6 {[%emt 0:01:03]} 10. Re1 {[%emt 0:02:41]} Bb7 {[%emt 0:01:39]} 11. Na3 {[%emt 0:00:20]} a6 {[%emt 0:01:57]} 12. Qe2 {[%emt 0:02:16]} e6 {[%emt 0:08:59]} 13. h3 {[%emt 0:02:54]} Rfe8 {[%emt 0:03:43]} 14. Bd2 {[%emt 0:04:04]} Nh5 {[%emt 0:08:54]} 15. g4 {[%emt 0:10:03]} Nhf6 {[%emt 0:00:33]} 16. Nh2 {[%emt 0:00:38]} cxd4 {[%emt 0:10:05]} 17. cxd4 {[%emt 0:01:06]} Nb8 {[%emt 0:00:03]} 18. Rac1 {[%emt 0:11:55]} Nc6 {[%emt 0:01:07]} 19. Nf3 {[%emt 0:01:44]} h5 {[%emt 0:06:07]} 20. g5 {[%emt 0:02:33]} Nd7 {[%emt 0:00:25]} 21. Bb1 {[%emt 0:07:22]} Qb8 {[%emt 0:08:15]} 22. Be3 {[%emt 0:01:08]} e5 {[%emt 0:01:04]} 23. d5 {[%emt 0:07:18]} Nd4 {[%emt 0:02:28]} 24. Qd1 {[%emt 0:02:24]} Qd8 {[%emt 0:01:31]} 25. Nc4 {[%emt 0:02:06]} Nc5 {[%emt 0:01:13]} 26. Nxd4 {[%emt 0:02:05]} exd4 {[%emt 0:00:04]} 27. Bf4 {[%emt 0:00:04]} Be5 {[%emt 0:01:30]} 28. Nxe5 {[%emt 0:04:25]} dxe5 {[%emt 0:00:23]} 29. Bd2 {[%emt 0:00:03]} Qd7 {[%emt 0:04:58]} 30. Kh2 {[%emt 0:01:03]} Nxa4 {[%emt 0:04:49]} 31. f4 {[%emt 0:00:31]} Nxb2 {[%emt 0:02:55]} 32. Qb3 {[%emt 0:05:31]} Qb5 {[%emt 0:03:40]} 33. Qg3 {[%emt 0:00:09]} Rac8 {[%emt 0:04:03]} 34. fxe5 {[%emt 0:01:06]} Rxc1 {[%emt 0:01:32]} 35. Bxc1 {[%emt 0:02:24]} Nc4 {[%emt 0:00:47]} 36. Bd3 {[%emt 0:00:30]} Qc5 {[%emt 0:00:34]} 37. Bxc4 {[%emt 0:04:01]} Qxc4 {[%emt 0:00:08]} 38. Qf4 {[%emt 0:01:31]} Qc7 {[%emt 0:01:30]} 39. Bb2 {[%emt 0:01:50]} Qxe5 {[%emt 0:07:27]} 40. Qxe5 {[%emt 0:00:06]} Rxe5 {[%emt 0:00:01]} 41. Bxd4 {[%emt 0:30:18]} Re8 {[%emt 0:31:48]} 42. d6 {[%emt 0:00:00]} Rd8 {[%emt 0:00:00]} 43. e5 {[%emt 0:00:00]} b5 {[%emt 0:00:00]} 44. Bb6 {[%emt 0:00:00]} Rd7 {[%emt 0:00:00]} 45. Kg3 {[%emt 0:00:00]} Kf8 {[%emt 0:00:00]} 46. Kf4 {[%emt 0:00:00]} Ke8 {[%emt 0:00:00]} 47. Rc1 {[%emt 0:00:00]} b4 {[%emt 0:00:00]} 48. Ke3 {[%emt 0:00:00]} b3 {[%emt 0:00:00]} 49. Kd4 {[%emt 0:00:00]} b2 {[%emt 0:00:00]} 50. Rb1 {[%emt 0:00:00]} Bc8 {[%emt 0:00:00]} 51. Bc7 {[%emt 0:00:00]} Rxc7 {[%emt 0:00:00]} 52. dxc7 {[%emt 0:00:00]} Kd7 {[%emt 0:00:00]} 53. e6+ {[%emt 0:00:00]} Kxe6 {[%emt 0:00:00]} 54. Rxb2 {[%emt 0:00:00]} Kd6 {[%emt 0:00:00]} 55. Rf2 {[%emt 0:00:39]} Bxh3 {[%emt 0:00:00]} 56. Rxf7 {[%emt 0:00:08]} a5 {[%emt 0:00:00]} 57. Rf6+ {[%emt 0:00:39]} Kxc7 {[%emt 0:00:00]} 58. Rxg6 {[%emt 0:00:05]} Kd7 {[%emt 0:02:02]} 59. Ke5 {[%emt 0:01:34]} Bf1 {[%emt 0:00:06]} 60. Rg7+ {[%emt 0:04:29]} Kc6 {[%emt 0:00:07]} 61. g6 {[%emt 0:00:10]} Bc4 {[%emt 0:02:19]} 62. Ra7 {[%emt 0:02:43]} Kb5 {[%emt 0:01:33]} 63. Kd4 {[%emt 0:00:32]} Ba2 {[%emt 0:01:08]} 64. g7 {[%emt 0:00:39]} Kb4 {[%emt 0:00:32]} 65. Rb7+ {[%emt 0:00:45]} Ka3 {[%emt 0:00:05]} 66. Kc3 {[%emt 0:00:44]} h4 {[%emt 0:01:05]} 67. Rb8 {[%emt 0:00:22]} h3 {[%emt 0:00:07]} 68. g8=Q {[%emt 0:00:47]} Bxg8 {[%emt 0:00:04]} 69. Rxg8 {[%emt 0:00:04]} h2 {[%emt 0:00:31]} 70. Rh8 {[%emt 0:00:09]} a4 {[%emt 0:00:06]} 71. Rh4 {[%emt 0:00:19]} 1-0

[Event "Netanya Open 2019"]
[Site "Netanya"]
[Date "2019.06.26"]
[Round "4.3"]
[White "Grinberg, Eyal"]
[Black "Antipov, Mikhail Al."]
[Result "0-1"]
[WhiteElo "2474"]
[BlackElo "2582"]
[Annotator "ChessBase"]
[PlyCount "84"]
[EventDate "2019.06.23"]
[EventType "swiss"]
[EventCountry "ISR"]
[SourceTitle "playchess.com"]
[Source "ChessBase"]
[SourceQuality "1"]
[TimeControl "40/5400+30:1800+30"]

1. e4 {[%emt 0:00:00]} c5 {[%emt 0:00:00]} 2. Nf3 {[%emt 0:00:00]} Nc6 {[%emt 0:00:00]} 3. d4 {[%emt 0:00:00]} cxd4 {[%emt 0:00:00]} 4. Nxd4 {[%emt 0:00:00]} g6 {[%emt 0:00:00]} 5. c4 {[%emt 0:00:58]} d6 {[%emt 0:00:14]} 6. Nc3 {[%emt 0:01:45]} Nf6 {[%emt 0:00:08]} 7. Be2 {[%emt 0:05:00]} Nxd4 {[%emt 0:00:06]} 8. Qxd4 {[%emt 0:00:05]} Bg7 {[%emt 0:00:06]} 9. Be3 {[%emt 0:01:28]} O-O {[%emt 0:00:10]} 10. Qd2 {[%emt 0:00:09]} a5 {[%emt 0:00:05]} 11. f3 {[%emt 0:07:47]} a4 {[%emt 0:00:07]} 12. Rb1 {[%emt 0:06:35]} Be6 {[%emt 0:01:56]} 13. Nb5 {[%emt 0:11:36]} Nd7 {[%emt 0:03:11]} 14. Nd4 {[%emt 0:03:39]} Qa5 {[%emt 0:05:06]} 15. Qxa5 {[%emt 0:02:38]} Rxa5 {[%emt 0:00:05]} 16. O-O {[%emt 0:01:08]} h5 {[%emt 0:02:28]} 17. Rfc1 {[%emt 0:05:37]} Rc8 {[%emt 0:04:01]} 18. Kf2 {[%emt 0:08:08]} Nc5 {[%emt 0:07:00]} 19. Rc2 {[%emt 0:04:31]} Raa8 {[%emt 0:19:08]} 20. Rbc1 {[%emt 0:12:55]} Bd7 {[%emt 0:07:27]} 21. Kf1 {[%emt 0:03:30]} Na6 {[%emt 0:11:18]} 22. Rd2 {[%emt 0:04:40]} Nb4 {[%emt 0:08:15]} 23. a3 {[%emt 0:02:14]} Na6 {[%emt 0:00:17]} 24. b4 {[%emt 0:03:26]} axb3 {[%emt 0:00:48]} 25. Nxb3 {[%emt 0:00:05]} Be6 {[%emt 0:08:19]} 26. Nd4 {[%emt 0:03:10]} Nc5 {[%emt 0:00:06]} 27. Rb1 {[%emt 0:04:55]} Rxa3 {[%emt 0:01:25]} 28. Nxe6 {[%emt 0:01:24]} Nxe6 {[%emt 0:00:06]} 29. Bf2 {[%emt 0:01:13]} Ra1 {[%emt 0:05:49]} 30. Rdd1 {[%emt 0:01:28]} Rca8 {[%emt 0:01:34]} 31. Rxb7 {[%emt 0:03:30]} Rxd1+ {[%emt 0:00:05]} 32. Bxd1 {[%emt 0:00:03]} Ra1 {[%emt 0:00:07]} 33. Ke2 {[%emt 0:00:07]} Nf4+ {[%emt 0:00:20]} 34. Kd2 {[%emt 0:00:07]} Nxg2 {[%emt 0:00:19]} 35. Bb3 {[%emt 0:02:12]} Rb1 {[%emt 0:00:22]} 36. c5 {[%emt 0:00:50]} Rb2+ {[%emt 0:00:09]} 37. Kd1 {[%emt 0:00:55]} Rxf2 {[%emt 0:02:20]} 38. c6 {[%emt 0:00:04]} Ne3+ {[%emt 0:00:19]} 39. Kc1 {[%emt 0:00:41]} Bc3 {[%emt 0:00:07]} 40. Bc4 {[%emt 0:00:50]} Rxh2 {[%emt 0:00:18]} 41. Kb1 {[%emt 0:30:34]} Nxc4 {[%emt 0:30:19]} 42. c7 {[%emt 0:00:31]} Na3+ {[%emt 0:00:05]} 0-1

[Event "Netanya Open 2019"]
[Site "Netanya"]
[Date "2019.06.26"]
[Round "4.4"]
[White "Kuzubov, Yuriy"]
[Black "Shubin, Kirill"]
[Result "1/2-1/2"]
[WhiteElo "2671"]
[BlackElo "2426"]
[Annotator "TA"]
[PlyCount "134"]
[EventDate "2019.06.23"]
[EventType "swiss"]
[EventCountry "ISR"]
[SourceTitle "playchess.com"]
[Source "ChessBase"]
[SourceQuality "1"]

{[%evp 9,134,0,16,11,25,31,63,33,43,41,66,34,76,79,88,79,72,72,62,0,42,41,88,83,80,67,81,39,103,68,66,66,107,115,172,186,167,81,125,47,42,20,80,81,192,88,241,231,222,228,187,166,160,157,208,193,201,188,208,188,200,201,193,179,169,177,233,175,238,195,283,289,282,243,470,449,444,440,566,562,547,381,335,152,138,138,140,134,206,90,88,18,20,0,89,88,88,88,88,73,70,77,64,0,0,0,0,0,70,0,0,0,0,0,0,0,0,0,0,-97,-89,-96,-96,-79,0,-15,0]} 1. d4 e6 2. c4 Nf6 3. g3 d5 4. Nf3 Bb4+ 5. Bd2 Bd6 (5... Be7 6. Bg2 O-O 7. O-O Nbd7 8. Qc2 c6 9. Rc1 b6 10. cxd5 cxd5 11. Qd1 Bb7 12. a3 a6 13. Bf4 Rc8 14. Nbd2 Rxc1 15. Rxc1 Qa8 16. Ne5 Nxe5 17. Bxe5 {½-½ (41) Mamedyarov,S (2790)-Radjabov,T (2756) Shamkir 2019}) 6. Nc3 {E01: Catalan: Early deviations} c6 7. Qc2 Bb4 8. Bg2 {White is slightly better.} dxc4 9. O-O $146 ({Predecessor:} 9. e4 b5 10. O-O Bb7 11. Rad1 Be7 12. Bg5 h6 13. Bxf6 Bxf6 {1-0 (22) Rombaldoni,D (2418)-Horvath,C (2537) Bratto 2008}) 9... Nbd7 10. e4 Bxc3 11. bxc3 h6 12. Bf4 {[%mdl 1024] White has strong compensation.} O-O 13. Bd6 Re8 14. Ne5 ({Better is} 14. a4 $14) 14... Nb6 15. Bb4 Qc7 16. a4 a5 17. Ba3 $1 Nfd7 18. f4 Ra6 ({Black should play} 18... c5 $14) 19. Bf3 {Hoping for Nxf7!} c5 $1 20. Bh5 Rf8 21. Rab1 Nxe5 (21... Nf6 $16) 22. fxe5 $18 Nd7 23. Qe2 (23. Rf2 $18 {has better winning chances.}) 23... Rb6 24. Rxb6 ({Don't play} 24. Qxc4 $6 Rxb1 25. Rxb1 b6 $11) (24. Ra1 $1 $16) 24... Qxb6 $14 25. Qxc4 g6 (25... Qc6 $11 {remains equal.}) 26. Be2 $36 {[%mdl 2048] Black is under strong pressure.} Re8 (26... Rd8 $16) 27. Rd1 (27. Qd3 $1 $18 {and White stays clearly on top.}) 27... cxd4 $2 (27... Rd8 $16 {is a better defense.}) 28. Qxd4 $18 Qxd4+ 29. cxd4 ({Weaker is} 29. Rxd4 Nxe5 30. Rd1 Kg7 $11) 29... Nb8 30. Rb1 Rd8 31. Bc5 Nc6 (31... Bd7 $16 32. Rxb7 Bxa4) 32. Bb6 Re8 33. Kf2 Bd7 34. Ke3 Rc8 35. Bb5 Kf8 36. Rc1 Ke7 37. Rc5 Ra8 (37... g5 $142 38. Rc1 Kf8 39. Bc5+ Ke8) 38. h4 g5 (38... Rc8 $142 39. Rc1 Kf8) 39. h5 Ke8 (39... Rc8 {was called for.} 40. g4 f6 41. exf6+ Kxf6) 40. Rc1 Kf8 41. Bc5+ Ke8 $2 (41... Kg8 42. Bd6 Re8) 42. Bd6 Rd8 43. d5 Na7 44. Bxd7+ Rxd7 {[%mdl 4096] Endgame KRB-KRN} 45. Kd4 b5 46. Kc5 (46. Rf1 $18 {is more deadly.}) 46... bxa4 $16 47. dxe6 fxe6 48. Kb6 Kd8 (48... Rf7 $16 {was necessary.} 49. Kxa5 Kd7) 49. Rf1 ({Don't take} 49. Kxa5 $6 Rf7 $16) (49. Bc7+ $1 $18 {is the precise move to win.} Kc8 50. Bd6+ Kd8 51. Kxa5) 49... Nc8+ {[%mdl 64] Double Attack} 50. Kc6 (50. Kc5 $1 $16 {[%cal Rf1f8]} Rh7 51. Bf8) 50... Na7+ $11 51. Kb6 (51. Kc5 $11 Rb7 52. Rf8+ Kd7 53. Rf7+ Kc8 54. Rf8+ Kd7 55. Kc4) 51... Nc8+ $16 {[%mdl 64] Double Attack} 52. Kc5 $1 {[%cal Rf1f8]} Rh7 {[#]} 53. Kc6 $1 {[%cal Rf1f8]} Na7+ 54. Kb6 {Black must now prevent Rf8+.} Nc8+ 55. Kxa5 Ra7+ 56. Kb5 (56. Kb4 $14) 56... a3 $11 57. Bc5 Rb7+ 58. Kc4 Nb6+ ({Black should try} 58... a2 $11 59. Ra1 Rb2) 59. Kd4 (59. Bxb6+ $1 $14 Rxb6 60. Rf8+ Kc7 61. Ra8) 59... a2 $1 {...Nd7 is the strong threat.} 60. Ra1 Rd7+ 61. Bd6 Ra7 62. Kc3 Ke8 63. Kb3 Ra5 64. Bc7 (64. g4 $11) 64... Rb5+ $17 65. Kxa2 Ra5+ 66. Kb1 {[#]} Rb5+ (66... Rxa1+ $1 $17 67. Kxa1 Nc4) 67. Ka2 $11 Ra5+ {Accuracy: White = 49%, Black = 48%.} 1/2-1/2

[Event "Netanya Open 2019"]
[Site "Netanya"]
[Date "2019.06.26"]
[Round "4.5"]
[White "Gorodetzky, David"]
[Black "Moiseenko, Alexander"]
[Result "1-0"]
[WhiteElo "2461"]
[BlackElo "2642"]
[Annotator "TA"]
[PlyCount "85"]
[EventDate "2019.06.23"]
[EventType "swiss"]
[EventCountry "ISR"]
[SourceTitle "playchess.com"]
[Source "ChessBase"]
[SourceQuality "1"]

{[%evp 9,85,29,251,250,250,269,225,144,219,154,120,50,56,44,53,43,46,50,62,47,41,4,50,0,77,61,62,45,33,0,0,0,0,-7,-14,-23,-30,-114,-91,-101,-89,-93,-52,-54,-37,-37,-37,-37,-37,-29,0,0,0,0,0,0,0,-77,-77,-81,-106,-106,29961,3166,29980,29980,29980,29981,29982,29983,29983,29984,29984,29985,29986,29986,29987,29988]} 1. c4 e5 2. Nc3 {[%cal Bb1c3,Bc3d5,Bd5c7][%mdl 32]} Bb4 3. Nd5 a5 4. Nf3 (4. a3 Be7 5. d4 d6 6. e4 Nf6 7. Nxe7 Qxe7 8. f3 Nfd7 9. Ne2 O-O 10. d5 Nc5 11. Be3 f5 12. Nc3 fxe4 13. Bxc5 dxc5 14. Nxe4 {½-½ (35) Matlakov,M (2700)-Yu,Y (2764) Caleta 2019}) 4... e4 5. Ng5 $146 ({Predecessor:} 5. Nd4 c6 6. Nxb4 axb4 7. d3 d5 8. Bf4 Nf6 9. e3 O-O 10. Nb3 dxc4 11. dxc4 Qxd1+ 12. Kxd1 {0-1 (59) Esen,B (2571)-Najer,E (2634) Jerusalem 2015}) 5... Qxg5 $2 (5... c6 $11 {and Black is okay.} 6. Nxb4 Qxg5) 6. Nxc7+ $18 {[%mdl 64] Double Attack. A21: English Opening: 1...e5 2 Nc3} Kd8 7. Nxa8 e3 8. fxe3 {And now a3 would win.White is clearly better.} Qh4+ 9. g3 Qe4 10. a3 (10. Rg1 $16 Qxe3 11. Rg2) 10... Qxh1 $14 11. axb4 {aiming for Qa4.} d6 $1 12. d3 $1 ({Much worse is} 12. Rxa5 Bh3 $15) 12... Bh3 13. Kd2 Qxf1 14. Qxf1 Bxf1 15. Rxa5 Bh3 16. e4 {[%mdl 1024] White has compensation.} Ne7 (16... Nd7 $11) 17. Kc3 $16 Ng6 18. Be3 Nd7 19. Rb5 Kc8 $1 20. Rd5 f5 21. Rxd6 fxe4 22. Nb6+ Kc7 23. c5 (23. Bc5 $1 $11) 23... Nxb6 $17 24. Rxb6 exd3 25. exd3 Rd8 26. b5 $1 Ne7 {Hoping for ...Nd5+.} 27. Bf4+ Kc8 {Threatens to win with ...Nd5+.} 28. Rd6 Nd5+ 29. Kd4 Nxf4 (29... Rxd6 {is interesting.} 30. Bxd6 Nc7 31. Bxc7 Kxc7 32. Kc4 Be6+) 30. Rxd8+ Kxd8 31. gxf4 $11 {[%mdl 4096] Endgame KB-KP} Kd7 32. b4 Bg2 33. Kc4 (33. f5 $11) 33... Ke6 34. b6 Kf5 35. b5 Kxf4 $2 {[%mdl 8192]} (35... g6 $17) 36. d4 Kf5 {[#]} 37. c6 $1 {[%cal Rc6c7][%mdl 512] White mates.} Ke6 (37... bxc6 38. Kc5) 38. Kc5 g5 {[#]} 39. d5+ $1 {[%mdl 512]} Bxd5 40. c7 Kd7 41. Kxd5 h5 42. Ke5 g4 43. Kf4 {Accuracy: White = 59%, Black = 45%.} 1-0

[Event "Netanya Open 2019"]
[Site "Netanya"]
[Date "2019.06.26"]
[Round "4.6"]
[White "Roiz, Michael"]
[Black "Bronstein, Or"]
[Result "1/2-1/2"]
[WhiteElo "2603"]
[BlackElo "2378"]
[Annotator "TA"]
[PlyCount "39"]
[EventDate "2019.06.23"]
[EventType "swiss"]
[EventCountry "ISR"]
[SourceTitle "playchess.com"]
[Source "ChessBase"]
[SourceQuality "1"]

{[%evp 12,39,0,0,3,0,18,8,20,0,0,0,0,0,0,0,0,0,8,0,3,-17,0,-5,-6,-15,-14,-29,-25,-28]} 1. d4 Nf6 2. c4 g6 3. g3 c6 4. Bg2 d5 5. Qa4 Bg7 6. Nf3 O-O 7. O-O Qb6 {D78: Fianchetto Grünfeld: 6 0-0 c6} (7... Nbd7 8. cxd5 cxd5 9. Bf4 Nb6 10. Qb3 Bf5 11. Nc3 Ne4 12. Rfc1 Qd7 13. Ne5 Bxe5 14. Bxe5 Rfc8 15. Nxe4 Bxe4 {½-½ (95) Leko,P (2702)-Jones,G (2622) Hengshui 2019}) 8. Nc3 Rd8 $146 ({Predecessor:} 8... Qa6 9. Qxa6 Nxa6 10. cxd5 cxd5 11. Ne5 e6 12. Rd1 Nd7 13. Bf4 Rd8 14. Rac1 Nxe5 15. Bxe5 {1-0 (46) Csom,I (2460)-Kahn,E (2370) Budapest 1997}) 9. Rd1 Na6 {The position is equal.} 10. c5 Qb4 11. Qxb4 Nxb4 12. Bf4 Ne4 13. Rac1 Bf5 14. a3 Nxc3 15. Rxc3 Na6 $1 16. Nh4 Be6 17. Nf3 h6 18. h4 f6 19. Re3 Kf7 20. Rb3 {Accuracy: White = 44%, Black = 90%.} 1/2-1/2

[Event "Netanya Open 2019"]
[Site "Netanya"]
[Date "2019.06.26"]
[Round "4.7"]
[White "Huzman, Alexander"]
[Black "Gorshtein, Ido"]
[Result "1-0"]
[WhiteElo "2588"]
[BlackElo "2367"]
[Annotator "TA"]
[PlyCount "27"]
[EventDate "2019.06.23"]
[EventType "swiss"]
[EventCountry "ISR"]
[SourceTitle "playchess.com"]
[Source "ChessBase"]
[SourceQuality "1"]

{[%evp 9,27,10,12,18,19,1,27,32,60,17,27,5,53,45,184,181,193,182,180,177]} 1. c4 Nf6 2. g3 c6 3. Nf3 d5 4. b3 Bg4 5. Bg2 Bxf3 (5... e6 6. Bb2 Bd6 7. O-O Nbd7 8. d3 O-O 9. Nbd2 a5 10. a3 Re8 11. h3 Bh5 12. g4 Bg6 13. Nh4 Qc7 14. Nxg6 hxg6 15. e3 Bh2+ 16. Kh1 Be5 17. d4 Bd6 18. Rc1 Qd8 19. f4 Qe7 {½-½ (73) Vachier Lagrave,M (2789)-Gunina,V (2507) chess.com INT 2018}) 6. Bxf3 {A12: English Opening: 1...c6 with b3 by White} e5 7. Bb2 e4 8. Bg2 {White has an edge.} h5 $146 ({Predecessor:} 8... Nbd7 9. O-O Bd6 10. cxd5 cxd5 11. Nc3 Qa5 12. d3 O-O 13. a3 {1-0 (32) Le Quang,K (2276)-Goossens,E (2283) Belgium 2004}) 9. h3 Nbd7 10. Nc3 a6 11. Qc2 b5 (11... Rc8 $14) 12. cxd5 $18 {White is clearly better.} cxd5 {[#]} 13. Nxd5 $1 {[%mdl 512]} Rc8 (13... Nxd5 14. Qxe4+) 14. Bxf6 1-0